| 000 | 00418nam a22001697a 4500 | ||
|---|---|---|---|
| 999 |
_c1768 _d1767 |
||
| 005 | 20210831115233.0 | ||
| 008 | 160526b xxu||||| |||| 00| 0 eng d | ||
| 020 | _a978-81-7733-537-0 | ||
| 041 | _aeng | ||
| 082 |
_b5054 _a346.066 |
||
| 100 |
_aPutiani, Ravi, & Mahesh _91272 |
||
| 245 | _aCompanies Act. | ||
| 260 |
_aNew Delhi _bAcademic Faundation |
||
| 300 | _a11.246 | ||
| 650 |
_aManagement _9241 |
||
| 942 | _cBK | ||